| 000 | 00476nam a22001577a 4500 | ||
|---|---|---|---|
| 082 |
_a621.12 _bKUM |
||
| 100 |
_aKumar, Ranjeet (361415) _9132349 |
||
| 245 | _aAdvanced Materials for Solar-Powered System to Extract Drinkable Water from Air / | ||
| 264 |
_aIslamabad : _bUSPCAS-E, NUST _cJuly, 2025 |
||
| 300 |
_axiv, 56 p. _e+CD |
||
| 520 | _aTH-640 | ||
| 650 | _aMS ESE Thesis | ||
| 650 |
_aMS Thesis _918721 |
||
| 700 | _aSupervisor: Dr. Nadia Shahzad | ||
| 942 |
_2ddc _cTHE |
||
| 999 |
_c615559 _d615559 |
||